000 00842nam a2200289Ia 4500
001 Z_2945
003 CHAP
008 220113s1996 xx 000 0 und d
010 _a166028
040 _cCHAP
082 _a636.39 R4
100 _aReunión Nacional sobre Caprinocultura (11 : 1996 : Zacatecas, Zac.)
_9140074
245 _aMemorias /
_cpor Universidad Autónoma Chapingo
260 _aChapingo, Méx. :
_bLa Universidad,
_c1996
300 _a248 p. + anexo
440 _a
500 _a
503 _a
650 _aGanado cabrío
_xCongresos I. Universidad Autónoma Chapingo. Departamento de Zootecnia II. Asociación Mexicana de Producción Caprina
_9140075
650 _aGanado cabrío
_xgenética
_945013
901 _a636.39 R4
902 _aA
910 _a1996
942 _c1
942 _cc1
999 _c166028
_d166028